00431nam a22001457a 450000500170000000800410001702000150005804100120007308200120008510000120009724500850010926000350019430000310022965000250026020240925090752.0240925b |||||||| |||| 00| 0 eng d a0409006092 aEnglish a348 SOU lEnglish aThe South African Encyclopaedia of Forms and Precedents /cedited by C Weinberg  aDurban: bButterworths, c1990 bviii, 519 pages; c26 cm.  aLegal practice bLaw